| 000 | 01109nam a22002297a 4500 | ||
|---|---|---|---|
| 005 | 20110520153650.0 | ||
| 008 | 110520t xxu||||| |||| 00| 0 mar d | ||
| 010 | _aMAR-20857 | ||
| 020 |
_a9788184980684 _c60.00 |
||
| 035 | _aMR-13515 | ||
| 037 | _bDBAD/PUB | ||
| 040 |
_aDPL _bMR |
||
| 082 | _a649.1 | ||
| 100 |
_928213 _aदातार,रत्नावली |
||
| 245 |
_aसुखद बालसंगोपन : _cरत्नावली दातार _bसुखद परिपूर्तीचा कानमंत्र / |
||
| 246 |
_aSukhad Balsangopan _bby Ratnawali Datar |
||
| 260 |
_aपुणे _bमेहता पब्लिशिंग हाऊस _c2009 |
||
| 270 |
_a1941,सदाशिव पेठ माडीवाले कॉलनी _bपुणे _e411030 |
||
| 300 |
_aआठ,88पृ _c21 सेमी (अजिल्द) |
||
| 942 |
_2ddc _cMR _h649.1 _mदातार |
||
| 999 |
_c52514 _d52514 |
||